| 000 | 00755nam a2200229Ia 4500 | ||
|---|---|---|---|
| 003 | OSt | ||
| 005 | 20220923212211.0 | ||
| 006 | a|||||r|||| 00| 0 | ||
| 007 | ta | ||
| 008 | 220922b |||||||| |||| 00| 0 hin d | ||
| 024 | _a151,626 | ||
| 037 | _cTextual | ||
| 040 |
_aARTS _cARTS _bhin |
||
| 041 |
_2hin _ahin |
||
| 082 | _a/\2xM72x, 152L0.1-.3 | ||
| 100 | _aअरविंद | ||
| 245 | 0 | _aदिव्य जीवन, केशवदेव आर्चाय अनु | |
| 246 | _aDivya jīvana, keshavadev ārchāya anu0 | ||
| 260 |
_aपाडिचेरी _b श्री अरविंद सोसाइटी _c1970 |
||
| 942 |
_h/\2xM72x, 152L0.1-.3 _cTEXL _2CC |
||
| 999 |
_c307299 _d307299 |
||